Science experiments you can eat / (Record no. 7032)

MARC details
000 -LEADER
fixed length control field 01026nam a22002897a 4500
001 - CONTROL NUMBER
control field 7032
003 - CONTROL NUMBER IDENTIFIER
control field FISKH
005 - DATE AND TIME OF LATEST TRANSACTION
control field 20250619100114.0
008 - FIXED-LENGTH DATA ELEMENTS--GENERAL INFORMATION
fixed length control field 250619b cb ||||| |||| 00| 0 eng d
020 ## - INTERNATIONAL STANDARD BOOK NUMBER
International Standard Book Number 0590453882
040 ## - CATALOGING SOURCE
Original cataloging agency DLC
Transcribing agency DLC
Modifying agency DLC
Language of cataloging eng
050 ## - LIBRARY OF CONGRESS CALL NUMBER
Classification number Q164.C52
082 ## - DEWEY DECIMAL CLASSIFICATION NUMBER
Classification number 502.8
100 1# - MAIN ENTRY--PERSONAL NAME
Personal name Cobb, Vicki
Dates associated with a name (1938–2023)
245 10 - TITLE STATEMENT
Title Science experiments you can eat /
Statement of responsibility, etc. By Vicki Cobb ; illustrated by Peter Lippman.
250 ## - EDITION STATEMENT
Edition statement This edition first published in 1991
260 ## - PUBLICATION, DISTRIBUTION, ETC.
Place of publication, distribution, etc. New York :
Name of publisher, distributor, etc. Scholastic,
Date of publication, distribution, etc. 1972
300 ## - PHYSICAL DESCRIPTION
Extent 127 pages :
Other physical details illustrations :
Dimensions 20 cm.
520 ## - SUMMARY, ETC.
Summary, etc. Experiments with food demonstrate various scientific principles and produce an eatable result. Includes fruit drinks, grape jelly, muffins, chop suey, yogurt, and junket.<br/>
650 #0 - SUBJECT ADDED ENTRY--TOPICAL TERM
Topical term or geographic name entry element Science
General subdivision Experiments
Form subdivision Juvenile literature.
650 #0 - SUBJECT ADDED ENTRY--TOPICAL TERM
Topical term or geographic name entry element Cooking
Form subdivision Juvenile literature.
650 #1 - SUBJECT ADDED ENTRY--TOPICAL TERM
Topical term or geographic name entry element Science
General subdivision Experiments.
650 #1 - SUBJECT ADDED ENTRY--TOPICAL TERM
Topical term or geographic name entry element Experiments.
700 1# - ADDED ENTRY--PERSONAL NAME
Personal name Lippman, Peter
Relator term illustrator
942 ## - ADDED ENTRY ELEMENTS (KOHA)
Source of classification or shelving scheme Dewey Decimal Classification
Koha item type Books
Suppress in OPAC No
Holdings
Withdrawn status Lost status Source of classification or shelving scheme Damaged status Not for loan Collection Home library Current library Shelving location Date acquired Total Checkouts Full call number Barcode Date last seen Copy number Price effective from Koha item type
    Dewey Decimal Classification     Fiction Footprints International School Library Network Toul Tom Poung Campus Footprints International School Library Network Toul Tom Poung Campus TTP Secondary Fiction Bookshelves 06/19/2025   COB 502.8 Q164.C52 2025-1657 06/19/2025 1 06/19/2025 Books